[Event "Stockholm op"]
[Site "Stockholm"]
[Date "2014.06.01"]
[Round "9"]
[White "Bergstrom, Goran"]
[Black "Dufour, Jacques"]
[Result "1/2-1/2"]
[WhiteElo "1710"]
[BlackElo "1664"]
[PlyCount "69"]
[EventDate "2014.05.28"]
[EventType "swiss"]
[EventRounds "9"]
[EventCountry "SWE"]
[SourceTitle "CBM 160 Extra"]
[Source "ChessBase"]
[SourceDate "2014.07.01"]
[SourceVersion "1"]
[SourceVersionDate "2014.07.01"]
[SourceQuality "1"]

1. e4 c5 2. Nf3 Nc6 3. d4 cxd4 4. Nxd4 g6 5. Nc3 Bg7 6. Be3 Nf6 7. Nxc6 bxc6 8. Be2 d6 9. h3 0-0 10. Qd2 Qa5 11. a3 Rb8 12. Rb1 Be6 13. 0-0 Rb7 14. Qc1 Rfb8 15. Bd2 Qc7 16. Be3 Nd7 17. Ba6 Rxb2 18. Rxb2 Bxc3 19. Rxb8+ Qxb8 20. Qb1 c5 21. Qb5 Qxb5 22. Bxb5 Nb6 23. Rd1 Kf8 24. Bd2 Bb2 25. a4 h5 26. Rb1 Bd4 27. a5 Nc4 28. Bxc4 Bxc4 29. Rb8+ Kg7 30. Rb7 a6 31. c3 Bf6 32. f3 Be6 33. Kh2 Bh4 34. g3 Bf6 35. Rb8 1/2-1/2

[Event "Stockholm op"]
[Site "Stockholm"]
[Date "2014.05.31"]
[Round "8"]
[White "Dufour, Jacques"]
[Black "Flodmark, Tarras"]
[Result "0-1"]
[WhiteElo "1664"]
[BlackElo "1924"]
[PlyCount "62"]
[EventDate "2014.05.28"]
[EventType "swiss"]
[EventRounds "9"]
[EventCountry "SWE"]
[SourceTitle "CBM 160 Extra"]
[Source "ChessBase"]
[SourceDate "2014.07.01"]
[SourceVersion "1"]
[SourceVersionDate "2014.07.01"]
[SourceQuality "1"]

1. Nf3 Nf6 2. c4 e6 3. Nc3 d5 4. cxd5 exd5 5. d4 c6 6. Bg5 Be7 7. e3 Bf5 8. Bd3 Bg6 9. 0-0 Nbd7 10. Qc2 Bxd3 11. Qxd3 h6 12. Bh4 0-0 13. h3 Nh5 14. Bxe7 Qxe7 15. Rab1 Nhf6 16. b4 a6 17. a4 Ne4 18. b5 axb5 19. axb5 Ra3 20. Rfc1 Qe6 21. Nd2 Ndf6 22. Rb3 Rfa8 23. Ncxe4 dxe4 24. Qc2 Ra2 25. Qc4 Rxd2 26. Qxe6 fxe6 27. bxc6 bxc6 28. Rbc3 Raa2 29. Rxc6 Rxf2 30. Rxe6 Rxg2+ 31. Kh1 Nh5 0-1

[Event "Stockholm op"]
[Site "Stockholm"]
[Date "2014.05.30"]
[Round "6"]
[White "Larsson, Christer"]
[Black "Dufour, Jacques"]
[Result "1-0"]
[WhiteElo "1636"]
[BlackElo "1664"]
[PlyCount "35"]
[EventDate "2014.05.28"]
[EventType "swiss"]
[EventRounds "9"]
[EventCountry "SWE"]
[SourceTitle "CBM 160 Extra"]
[Source "ChessBase"]
[SourceDate "2014.07.01"]
[SourceVersion "1"]
[SourceVersionDate "2014.07.01"]
[SourceQuality "1"]

1. f4 c5 2. Nf3 Nc6 3. e3 Nf6 4. d4 d5 5. c3 e6 6. Bd3 Bd7 7. 0-0 c4 8. Bc2 Be7 9. Nbd2 0-0 10. Ne5 b5 11. a3 a5 12. Rf3 b4 13. axb4 axb4 14. Rxa8 Qxa8 15. Nxd7 Nxd7 16. Bxh7+ Kxh7 17. Rh3+ Kg6 18. Qg4+ 1-0

[Event "FRA-chT3"]
[Site "France"]
[Date "2001.??.??"]
[Round "9"]
[White "Dufour, Jacques"]
[Black "Gaudineau, Eric"]
[Result "0-1"]
[WhiteElo "1860"]
[BlackElo "2305"]
[PlyCount "66"]
[EventDate "2001.??.??"]
[EventType "team"]
[EventRounds "9"]
[EventCountry "FRA"]
[SourceTitle "EXT 2003"]
[Source "ChessBase"]
[SourceDate "2002.11.25"]
[SourceVersion "1"]
[SourceVersionDate "2002.11.25"]
[SourceQuality "1"]

1. c4 e5 2. Nc3 Nc6 3. Nf3 f5 4. d3 Nf6 5. g3 Bc5 6. Bg2 d6 7. a3 a5 8. 0-0 0-0 9. Rb1 Qe8 10. e3 Ba7 11. b4 f4 12. b5 Ne7 13. exf4 Qh5 14. Nh4 Bg4 15. Bf3 exf4 16. Bxg4 Qxg4 17. Qxg4 Nxg4 18. Bxf4 Nxf2 19. Rxf2 Bxf2+ 20. Kxf2 g5 21. Ng2 gxf4 22. Nxf4 Ng6 23. Ncd5 Nxf4 24. Nxf4 Rae8 25. Re1 Rxe1 26. Kxe1 c6 27. b6 Kf7 28. Kd2 Kf6 29. d4 Re8 30. h3 Kf5 31. Nh5 Re7 32. Kd3 Re1 33. Ng7+ Kg6 0-1